17. yüzyılın ikinci yarısında İstanbul : (Record no. 5805)
| 000 -BAŞLIK | |
|---|---|
| Sabit Uzunluktaki Kontrol Alanı | 01553nam a22004097a 4500 |
| 001 - KONTROL NUMARASI | |
| Control Dosyası | 0005824 |
| 003 - KONTROL NUMARASI KİMLİĞİ | |
| Kontrol Alanı | KOHA_MİRAKIL |
| 005 - EN SON İŞLEM TARİHİ ve ZAMANI | |
| Kontrol Alanı | 20260207001459.0 |
| 007 - FİZİKSEL TANIM SABİT ALAN - GENEL BİLGİ | |
| Sabit uzunluklu kontrol alanı | ta |
| 008 - SABİT UZUNLUKTAKİ VERİ ÖGELERİ - GENEL BİLGİ | |
| Sabit Alan | 090603b1990 tu |||gr||||#0|||0|tur | |
| 020 ## - ISBN - ULUSLARARASI STANDART KİTAP NUMARASI | |
| Isbn | 975160236X |
| Nitelik bilgileri | (tk) 9751602378 |
| Kullanılabilirlik koşulları | 0,01 |
| 040 ## - KATALOGLAMA KAYNAĞI | |
| Özgün Kataloglama Kurumu | TR-BiSEU |
| Kataloglama Dili | tur |
| Çeviri Kurumu | TR-BiSEU |
| Açıklama Kuralları | rda |
| 041 0# - DİL KODU | |
| Metin ya da ses kaydının dil kodu | tur |
| 044 ## - YAYINLAYAN/ÜRETEN KURULUŞUN ÜLKE KODU | |
| ISO country code | tu |
| 050 ## - SINIFLAMA ve YER NUMARASI | |
| Sınıflama Numarası | DR728 |
| Yer Numarası | .M36 1990 |
| 100 1# - KİŞİ ADI | |
| Yazar Adı (Kişi adı) | Mantran, Robert. |
| 240 10 - TEK BİÇİM BAŞLIK | |
| Tekbiçim Başlık | <a href="Istanbul dans la seconde moitre du XVII siecle ; essai d'histoire institutionnelle economique et sociale">Istanbul dans la seconde moitre du XVII siecle ; essai d'histoire institutionnelle economique et sociale</a> |
| Language of a work | Türkçe |
| 245 1# - ESER ADI BİLDİRİMİ | |
| Başlık | 17. yüzyılın ikinci yarısında İstanbul : |
| Alt Eseradı vb. | kurumsal, iktisadi, toplumsal tarih denemesi = |
| -- | Istanbul dans la seconde moitre du XVII siecle ; essai d'histoire institutionnelle economique et sociale/ |
| Sorumluluk Bildirimi | Robert Mantran ; Robert Mantran; çeviren Mehmet Ali Kılıçbay, Enver Özcan. |
| 264 #1 - ÜRERİM, YAYIN, DAĞITIM ve TELİF BİLDİRİMİ | |
| Yayın yeri | Ankara : |
| Yayınlayan | Atatürk Kültür, Dil ve Tarih Yüksek Kurumu |
| Yayın tarihi | 1990 |
| 300 ## - FİZİKSEL TANIMLAMA | |
| Sayfa, Cilt vb. | 2 c. :harita, tıpkıbs. |
| 336 ## - İÇERİK TÜRÜ | |
| Content type term | metin |
| Content type code | txt |
| Source | rdacontent |
| 337 ## - MEDYA TÜRÜ | |
| Media type term | aracısız |
| Media type code | n |
| Source | rdamedia |
| 338 ## - TAŞIYICI TÜRÜ | |
| Carrier type term | cilt |
| Carrier type code | nc |
| Source | rdacarrier |
| 490 1# - DİZİ BİLDİRİMİ | |
| Dizi Bildirimi | Atatürk Kültür, Dil ve Tarih Yüksek Kurumu. |
| 490 1# - DİZİ BİLDİRİMİ | |
| Dizi Bildirimi | Türk Tarih Kurumu yayınları. |
| 490 1# - DİZİ BİLDİRİMİ | |
| Dizi Bildirimi | IV. |
| 490 1# - DİZİ BİLDİRİMİ | |
| Dizi Bildirimi | dizi ; |
| Cilt Numarası | sa. |
| 490 1# - DİZİ BİLDİRİMİ | |
| Dizi Bildirimi | 12. |
| 500 ## - GENEL NOT | |
| Genel Not | Kaynakça ve dizin var. |
| 830 1# - SERİ EK GİRİŞİ - TEKBİÇİM ESER ADI | |
| Tekbiçim Başlık | Atatürk Kültür, Dil ve Tarih Yüksek Kurumu. |
| 9 (RLIN) | 6683 |
| 830 1# - SERİ EK GİRİŞİ - TEKBİÇİM ESER ADI | |
| Tekbiçim Başlık | Türk Tarih Kurumu yayınları. |
| 9 (RLIN) | 14149 |
| 830 1# - SERİ EK GİRİŞİ - TEKBİÇİM ESER ADI | |
| Tekbiçim Başlık | IV. |
| 9 (RLIN) | 14150 |
| 830 1# - SERİ EK GİRİŞİ - TEKBİÇİM ESER ADI | |
| Tekbiçim Başlık | dizi ; |
| Volume number/sequential designation | sa. |
| 9 (RLIN) | 10357 |
| 830 1# - SERİ EK GİRİŞİ - TEKBİÇİM ESER ADI | |
| Tekbiçim Başlık | 12. |
| 9 (RLIN) | 7280 |
| 907 ## - LOCAL DATA ELEMENT G, LDG (RLIN) | |
| a | Tarih |
| 942 ## - EK GİRİŞ ÖGELERİ (KOHA) | |
| Source of classification or shelving scheme | Library of Congress Classification |
| Koha item type | Book |
| Materyal Türü | Kalıcı Konum | Mevcut Konum | Raf Yeri | Sınıflandırma Kaynağı | Edinim Bilgisi | Ana Konular | Alt Konular | Yer Numarası | Cilt Bilgisi | Demirbaş Numarası | Fatura Tarihi | Geri Çekilme Durumu | Kayıp Durumu | Hasarlı Durumu | Kredi için değil | Kayıt Tarih | Toplam Ödünçverme | Son Görülme Tarihi | Son Kontrol Tarihi | Genel / Bağış Notu |
|---|---|---|---|---|---|---|---|---|---|---|---|---|---|---|---|---|---|---|---|---|
| Book | Prof. Dr. Azmi Özcan Kütüphanesi | Prof. Dr. Azmi Özcan Kütüphanesi | Uluğbey Salonu | Library of Congress Classification | Bağış | DÜNYA TARİHİ (AVRUPA, ASYA, AFRİKA VB.) | Balkan Yarımadası | DR728 .M36 1990 | c.2 | 0005824 | 13/08/2010 | 03/06/2009 | 05/12/2024 | 05/12/2024 | M.Ali Gökaçtı |
